Statistics for Proverbs Translated into French

Click here to take the quiz!

General Stats

  • This quiz has been taken 5,199 times
  • The average score is 11 of 18

Answer Stats

French English % Correct
La curiosité a tué le chatCuriosity killed the cat
93%
L'ignorance est le bonheurIgnorance is bliss
82%
Le rire est la meilleure
médecine
Laughter is the best
medicine
69%
Le diable est dans les détailsThe devil is in the details
69%
Un chien est le meilleur ami
d'un homme
A dog is a man's
best friend
65%
Deux têtes valent mieux
qu'une
Two heads are better
than one
65%
Tout est juste dans l'amour
et la guerre
All is fair in love and war
64%
Le temps, c'est de l'argentTime is money
62%
Ne jugez pas un livre par
sa couverture
Don't judge a book by
its cover
61%
Le sang est plus épais
que l'eau
Blood is thicker than
water
55%
Un bon homme est
difficile à trouver
A good man is hard
to find
55%
Le stylo est plus puissant
que l'épée
The pen is mightier than
the sword
54%
Avoir votre gâteau et le
manger aussi
Have your cake and
eat it too
53%
Aucun homme n'est une îleNo man is an island
49%
Les meilleures choses dans
la vie sont gratuites
The best things in life
are free
49%
Le savoir c'est le pouvoirKnowledge is power
45%
Seul les bons meurent jeunesOnly the good die young
40%
Parler n'est pas cherTalk is cheap
37%

Score Distribution

Percentile by Number Answered

Percent of People with Each Score

Your Score History

You have not taken this quiz